000
00219nam a22000857a 4500
999
_c
11722
_d
11722
008
200110b ||||| |||| 00| 0 eng d
100
_a
Bemelmans Ludwing
_9
7412
245
_a
Madeline
260
_a
New York
_b
Penguin Books
_c
1978